Mot mystérieux - Série 69 - Statistiques

Statistiques générales
  • Ce quiz a été pris 106 fois
  • Le résultat moyen est 5 sur 10
Statistiques - réponses
Indices Mot % Correct
lait - médaille - liégeois - gâteau chocolat
82%
compresseur - printemps - pâtisserie - landais rouleau
66%
nuptiale - disney - cirque - hit parade
57%
coup - affaire - âme - sauvage état
52%
beauté - mère - petite - neiges reine
52%
rire - coup - verre - action éclat
46%
intention - verbal - révision - procès
31%
pluie - fourrure - hiver - cheminée manteau
30%
île - chasse - ingéniosité - public trésor
28%
dent - porte - nager - dames bonheur
9%
Aucun quiz correspondant
Distribution des résultats
% des personnes avec chaque résultat
Percentile par nombre de réponses
Votre historique - résultats
Vous n’avez pas pris ce quiz